| 000 | 00580nam a2200217Ia 4500 | ||
|---|---|---|---|
| 008 | 220216s9999 xx 000 0 und d | ||
| 100 | _aDas A | ||
| 245 | 0 | _aSynergistic effects of expanded nanoclay and carbon black on natural rubber compounds | |
| 260 |
_bKautschuk Gummi Kunststoffe _c2010 |
||
| 300 | _a296-302 | ||
| 500 | _aSource Year: 2010 | ||
| 650 | _aCarbon black | ||
| 650 | _aNanoclay | ||
| 650 | _aReinforcement | ||
| 650 | _aStearic acid | ||
| 700 | _aHeinrich G | ||
| 700 | _aRooj S | ||
| 700 | _aStockelhuber K W | ||
| 700 | _aWang D Y | ||
| 942 | _cJS | ||
| 999 |
_c70120 _d70120 |
||